000 00914nam a22001937a 4500
999 _c371411
_d371411
008 201127b ||||| |||| 00| 0 eng d
040 _aDE-2950
_bger
_cDE-2950
_erda
041 _ager
245 _a"Es ist immer Sonne".
_bIn Neuenhagen, wo der Bestseller "Kleiner Mann - was nun? entstand, war Schriftsteller Hans Fallada kurz glücklich. Zum 75. Todestag kann sein Häuschen besichtigt werden. /
_cAntje Scherer
264 _c2022
490 _aBrandenburger Blätter
_v05./06.2022
653 _aFallada, Hans; Schriftsteller, Journalist, Übersetzer, Rendant, Buchhalter, Reporter, Verlagslektor, 1893-1947
653 _aNeuenhagen
773 _dFrankfurt (Oder) Märkisches Verlags- und Druckhaus GmbH & Co KG
_tMärkische Oderzeitung
_g33. Jahrgang (2022) Nr. 30 vom 05/06.02.2022, Journal am Wochenende, S. 4: Foto
942 _cA